<?xml version="1.0" encoding="UTF-8"?>
<record
    xmlns:xsi="http://www.w3.org/2001/XMLSchema-instance"
    xsi:schemaLocation="http://www.loc.gov/MARC21/slim http://www.loc.gov/standards/marcxml/schema/MARC21slim.xsd"
    xmlns="http://www.loc.gov/MARC21/slim">

  <leader>02258nam a2200325 a 4500</leader>
  <controlfield tag="001">000000186</controlfield>
  <controlfield tag="003">DO-SdBNP</controlfield>
  <controlfield tag="005">20171009110735.0</controlfield>
  <controlfield tag="007">000000186</controlfield>
  <controlfield tag="008">081029s2005    dr            001 0 spa d</controlfield>
  <datafield tag="020" ind1=" " ind2=" ">
    <subfield code="a">9945406272</subfield>
  </datafield>
  <datafield tag="040" ind1=" " ind2=" ">
    <subfield code="a">BPMSU</subfield>
    <subfield code="b">spa</subfield>
    <subfield code="c">BPMSU</subfield>
  </datafield>
  <datafield tag="082" ind1=" " ind2="4">
    <subfield code="a">972.93</subfield>
    <subfield code="b">B742d, 2005</subfield>
  </datafield>
  <datafield tag="100" ind1="1" ind2=" ">
    <subfield code="a">Bosch, Juan,</subfield>
    <subfield code="d">1909-2001</subfield>
  </datafield>
  <datafield tag="245" ind1="1" ind2="4">
    <subfield code="a">Las dictaduras dominicanas /</subfield>
    <subfield code="c">Juan Bosch.</subfield>
  </datafield>
  <datafield tag="250" ind1=" " ind2=" ">
    <subfield code="a">4a. ed. </subfield>
  </datafield>
  <datafield tag="260" ind1=" " ind2=" ">
    <subfield code="a">Santo Domingo :</subfield>
    <subfield code="b">Alfa &amp; Omega,</subfield>
    <subfield code="c">2005.</subfield>
  </datafield>
  <datafield tag="300" ind1=" " ind2=" ">
    <subfield code="a">207 p. :</subfield>
    <subfield code="c">21 cm.</subfield>
  </datafield>
  <datafield tag="505" ind1="0" ind2=" ">
    <subfield code="t">Palabras de introducci&#xF3;n --</subfield>
    <subfield code="t">Una colonia despoblada --</subfield>
    <subfield code="t">La aparici&#xF3;n del capitalismo en nuestro pa&#xED;s --</subfield>
    <subfield code="t">Situaci&#xF3;n de desorden general --</subfield>
    <subfield code="t">El pa&#xED;s desconoc&#xED;a el orden --</subfield>
    <subfield code="t">Lo que era el pa&#xED;s en el a&#xF1;o 1888 --</subfield>
    <subfield code="t">Lo que era el pa&#xED;s en el a&#xF1;o 1888 --</subfield>
    <subfield code="t">El panorama de un pa&#xED;s sin caminos --</subfield>
    <subfield code="t">El tr&#xE1;nsito del precapitalismo al capitalismo --</subfield>
    <subfield code="t">Se reanuda el estado de desorden general --</subfield>
    <subfield code="t">Bolos contra rabuses y rabuses contra bolos --</subfield>
    <subfield code="t">Cada quien hac&#xED;a lo que le daba la gana --</subfield>
    <subfield code="t">El desorden general en el a&#xF1;o 1906 --</subfield>
    <subfield code="t">Guayub&#xED;n, un general de esos tiempos --</subfield>
    <subfield code="t">M&#xE1;s guerras y la divisi&#xF3;n de los bolos --</subfield>
    <subfield code="t">Desiderio Arias. Su papel en la actividad pol&#xED;tica nacional --</subfield>
    <subfield code="t">Ocupaci&#xF3;n militar del pa&#xED;s por Estados Unidos --</subfield>
    <subfield code="t">La ley de registro de tierras --</subfield>
    <subfield code="t">La situaci&#xF3;n econ&#xF3;mica hacia el a&#xF1;o 1920 --</subfield>
    <subfield code="t">El atraso en la sociedad y en el comercio --</subfield>
    <subfield code="t">Las puertas del poder se abren para Trujillo --</subfield>
    <subfield code="t">Trujillo: &#xFA;nico jefe militar y pol&#xED;tico del pa&#xED;s --</subfield>
    <subfield code="t">Uso constante del terror trujillista --</subfield>
    <subfield code="t">Los asesinatos dentro y fuera del pa&#xED;s --</subfield>
    <subfield code="t">Planes de asesinatos de presidentes caribe&#xF1;os --</subfield>
    <subfield code="t">La acumulaci&#xF3;n originaria trujillista --</subfield>
    <subfield code="t">La situaci&#xF3;n econ&#xF3;mica del pa&#xED;s en 1930 --</subfield>
    <subfield code="t">El impulso al desarrollo industrial, obra de la dictadura de Trujillo.</subfield>
  </datafield>
  <datafield tag="650" ind1=" " ind2="4">
    <subfield code="a">PRESIDENTES</subfield>
    <subfield code="z">REP&#xDA;BLICA DOMINICANA</subfield>
  </datafield>
  <datafield tag="650" ind1=" " ind2="4">
    <subfield code="a">DICTADURA</subfield>
  </datafield>
  <datafield tag="650" ind1=" " ind2="4">
    <subfield code="a">DICTADORES</subfield>
    <subfield code="z">REP&#xDA;BLICA DOMINICANA</subfield>
  </datafield>
  <datafield tag="651" ind1=" " ind2="4">
    <subfield code="a">REP&#xDA;BLICA DOMINICANA</subfield>
    <subfield code="x">HISTORIA</subfield>
  </datafield>
  <datafield tag="651" ind1=" " ind2="4">
    <subfield code="a">REP&#xDA;BLICA DOMINICANA</subfield>
    <subfield code="x">HISTORIA</subfield>
    <subfield code="y">ERA DE TRUJILLO, 1930-1961</subfield>
  </datafield>
  <datafield tag="651" ind1=" " ind2="4">
    <subfield code="a">REP&#xDA;BLICA DOMINICANA</subfield>
    <subfield code="x">POL&#xCD;TICA Y GOBIERNO</subfield>
  </datafield>
  <datafield tag="910" ind1=" " ind2=" ">
    <subfield code="a">Validado. Control de calidad BNPHU</subfield>
  </datafield>
  <datafield tag="942" ind1=" " ind2=" ">
    <subfield code="2">ddc</subfield>
    <subfield code="c">BK</subfield>
  </datafield>
  <datafield tag="945" ind1=" " ind2=" ">
    <subfield code="a">Inventariado / 2017 VM</subfield>
  </datafield>
  <datafield tag="952" ind1=" " ind2=" ">
    <subfield code="0">0</subfield>
    <subfield code="1">0</subfield>
    <subfield code="2">ddc</subfield>
    <subfield code="4">0</subfield>
    <subfield code="7">0</subfield>
    <subfield code="8">CD</subfield>
    <subfield code="a">BPMET</subfield>
    <subfield code="b">BPMET</subfield>
    <subfield code="d">2014-07-16</subfield>
    <subfield code="e"> FUNDI</subfield>
    <subfield code="g">0.00</subfield>
    <subfield code="l">0</subfield>
    <subfield code="o">972.93   B742d 2005</subfield>
    <subfield code="p">BPMSU15040622</subfield>
    <subfield code="r">2014-07-16</subfield>
    <subfield code="w">2014-07-16</subfield>
    <subfield code="y">BK</subfield>
  </datafield>
  <datafield tag="956" ind1=" " ind2=" ">
    <subfield code="a">VMATEO</subfield>
    <subfield code="b">10</subfield>
    <subfield code="c">20130613</subfield>
    <subfield code="l">BPMSU</subfield>
    <subfield code="h">0069</subfield>
  </datafield>
  <datafield tag="999" ind1=" " ind2=" ">
    <subfield code="c">7185</subfield>
    <subfield code="d">7185</subfield>
  </datafield>
</record>
